000 00669nam a2200217 i 4500
001 C2-0252559
003 PPAK
005 20180727215725.0
008 031113s1980 at |||| ||||| | eng d
040 _aPPAK
_beng
_cPPAK
_erda
082 0 4 _a378
_223
090 0 0 _a378
_bDAR
_dKSA
245 0 0 _aDarling Downs Institute of Advanced Education Queensland :
_bhandbook 1980
264 1 _aQueensland :
_bThe Darling Downs Institute of Advanced Education ,
_c1980
300 _a225 pages ;
_c24 cm
336 _2rdacontent
_atext
337 _2rdamedia
_aunmediated
338 _2rdacarrier
_avolume
650 1 0 _aHigher education - Australia - Handbooks
942 _ddc
_cB
999 _c65574
_d65574